Medzinárodný obchod so službami v turbulentnom období diplomová práca

Enregistré dans:
Détails bibliographiques
Auteur principal: Hausleitner, Peter
Collectivité auteur: Obchodná fakulta EU. Katedra služieb a cestovného ruchu - zrušené
Autres auteurs: Michalová, Valéria
Format: Livre
Langue:slovaque
Publié: Bratislava 2013
Tags: Ajouter un tag
Pas de tags, Soyez le premier à ajouter un tag!

MARC

LEADER 00000nbm a2200000 4500
001 0178135
005 20170201093902.7
041 0 |a slo 
044 |a SK 
245 1 0 |a Medzinárodný obchod so službami v turbulentnom období  |b diplomová práca  |c Peter Hausleitner ; školiteľ: Valéria Michalová 
264 1 |a Bratislava  |c 2013 
300 |a 52 s. 
100 1 |a Hausleitner, Peter 
700 1 |a Michalová, Valéria 
710 2 |a Obchodná fakulta EU. Katedra služieb a cestovného ruchu - zrušené